Normal view
MARC view
- Supervisor: Dr. Shahzad Rasool
Entry Personal Name
001 - CONTROL NUMBER
- control field: 125268
003 - CONTROL NUMBER IDENTIFIER
- control field: NUST
005 - DATE AND TIME OF LATEST TRANSACTION
- control field: 20240821154502.0
008 - FIXED-LENGTH DATA ELEMENTS
- fixed length control field: 240821|| aca||aabn | a|a d
040 ## - CATALOGING SOURCE
- Original cataloging agency: NUST
- Transcribing agency: NUST
100 ## - HEADING--PERSONAL NAME
- Personal name: Supervisor: Dr. Shahzad Rasool
670 ## - SOURCE DATA FOUND
- Source citation: Work cat.: (NUST): Azam, Fiza 125267, Collaborative Task Performance via Real-Time Interaction with Intelligent Virtual Agents/
